| 000 | 00832nmm a2200277 a 4500 | ||
|---|---|---|---|
| 001 | ocm000588722 | ||
| 003 | TR-IsHL | ||
| 005 | 20201028122915.0 | ||
| 008 | 110704s2010 tu tur | ||
| 007 | cr cn | ||
| 020 | _a9786055476014 | ||
| 035 |
_a588722 _b(N$T) |
||
| 050 | 0 | 4 |
_aPL248.G36 _bT4 2010 |
| 090 | 0 | 4 |
_aPL248.G36 _bT4 2010 |
| 100 | 1 | _aGanioğlu, Birol | |
| 245 | 1 | 0 |
_aTelmessos bilicisi syessa ana _h[electronic resource] / _cBirol Ganioğlu |
| 250 | _a1. bs. | ||
| 260 |
_aİstanbul : _bAnemon Yayınları, _c2010 |
||
| 300 | _a352 p. | ||
| 650 | 4 | _aTarih | |
| 650 | 4 | _aHistory | |
| 650 | 0 | _aTürk romanı | |
| 650 | 0 | _aTurkish fiction | |
| 650 | 7 |
_aLITERARY COLLECTIONS / Middle Eastern _2bisacsh |
|
| 856 | 4 | 0 | _uhttp://search.ebscohost.com/login.aspx?direct=true&scope=site&db=e011xww&AN=588722 |
| 999 |
_c2121 _d2121 |
||